[Event "Druga liga CS - Zapad 2018"]
[Site "?"]
[Date "2018.09.09"]
[Round "4.5"]
[White "Jovicic, Radosav"]
[Black "Vuckovic, Branko"]
[Result "1-0"]
[WhiteElo "2219"]
[BlackElo "2245"]
[PlyCount "95"]
[EventDate "2018.09.07"]
[WhiteTeam "KRUSEVAC - Krusevac"]
[BlackTeam "IVANJICA- Ivanjica"]

1. d4 Nf6 2. Nf3 d5 3. c4 c6 4. Nc3 a6 5. cxd5 cxd5 6. Bf4 Nc6 7. e3 Bf5 8. Ne5
e6 9. g4 Be4 10. f3 Bg6 11. h4 h5 12. Nxg6 fxg6 13. Bd3 hxg4 14. Bxg6+ Kd7 15.
fxg4 Ne8 16. h5 Bd6 17. Bxe8+ Rxe8 18. Bxd6 Kxd6 19. Qb3 b5 20. O-O-O Qg5 21.
Kb1 Qxg4 22. e4 b4 23. Rhg1 Qxh5 24. e5+ Kd7 25. Nxd5 Qh7+ 26. Ka1 exd5 27.
Qxd5+ Kc7 28. Qd6+ Kb7 29. Qd7+ Kb6 30. Rxg7 Qc2 31. Qc7+ Kb5 32. Rgg1 Re7 33.
Qd6 Rd8 34. Qf6 Qe4 35. Rc1 Rc7 36. Rc5+ Kb6 37. Rxc6+ Qxc6 38. Qxd8 Ka7 39.
Qg5 Qe4 40. Qd2 a5 41. Re1 Qf5 42. d5 Rc2 43. Qd4+ Kb7 44. d6 Re2 45. Qd5+ Kb6
46. Rc1 Qc2 47. Qd4+ Kb7 48. Rd1 1-0

[Event "Druga liga CS - Zapad 2018"]
[Site "?"]
[Date "2018.09.09"]
[Round "4.5"]
[White "Bugarcic, Ivan"]
[Black "Djokic, Slavoljub"]
[Result "1-0"]
[WhiteElo "2184"]
[BlackElo "2122"]
[PlyCount "79"]
[EventDate "2018.09.07"]
[WhiteTeam "IVANJICA- Ivanjica"]
[BlackTeam "KRUSEVAC - Krusevac"]

1. Nf3 Nf6 2. g3 g6 3. Bg2 Bg7 4. d3 O-O 5. e4 d6 6. O-O Bg4 7. Nbd2 c5 8. Re1
Nc6 9. c3 Ne5 10. Qc2 Nxf3+ 11. Nxf3 Bxf3 12. Bxf3 Qc7 13. Bg2 Rac8 14. Bd2 b5
15. a4 a6 16. axb5 axb5 17. Ra6 Nd7 18. Rea1 Rb8 19. f4 e6 20. h3 Rb6 21. Ra7
Rb7 22. Rxb7 Qxb7 23. Qb3 Rb8 24. e5 d5 25. Qa2 c4 26. Qa7 cxd3 27. Qxb7 Rxb7
28. Ra8+ Bf8 29. Rd8 Kg7 30. Bf1 Bc5+ 31. Kg2 Bb6 32. Re8 Nc5 33. Be3 Na4 34.
Bc1 d2 35. Bxd2 Nxb2 36. f5 exf5 37. Bg5 Nc4 38. Bf6+ Kh6 39. Be2 g5 40. g4 1-0

[Event "Druga liga CS - Zapad 2018"]
[Site "?"]
[Date "2018.09.09"]
[Round "4.5"]
[White "Djordjevic, Gradimir"]
[Black "Naskovic, Filip"]
[Result "1-0"]
[WhiteElo "2003"]
[BlackElo "2197"]
[PlyCount "67"]
[EventDate "2018.09.07"]
[WhiteTeam "KRUSEVAC - Krusevac"]
[BlackTeam "IVANJICA- Ivanjica"]

1. d4 Nf6 2. g3 d5 3. Bg2 e6 4. c3 b6 5. Bg5 Bb7 6. Nd2 Be7 7. e3 Nbd7 8. Ne2
h6 9. Bxf6 Nxf6 10. Nf4 Bd6 11. Nd3 Ne4 12. f3 Nxd2 13. Qxd2 c5 14. f4 Qe7 15.
Ne5 O-O 16. O-O Rfc8 17. Rf2 Qe8 18. Qe2 b5 19. Qg4 Rc7 20. Bf1 b4 21. Qh5 f5
22. Qh4 Rac8 23. g4 cxd4 24. cxd4 Rc1 25. Rxc1 Rxc1 26. gxf5 exf5 27. Kg2 Qe6
28. Bd3 Bc8 29. Kf3 Rg1 30. Rg2 Rxg2 31. Kxg2 Kh7 32. Qd8 Bxe5 33. dxe5 Ba6 34.
Qd6 1-0

[Event "Druga liga CS - Zapad 2018"]
[Site "?"]
[Date "2018.09.09"]
[Round "4.5"]
[White "Kolarevic, Darko"]
[Black "Zajic, Milun"]
[Result "1-0"]
[WhiteElo "2163"]
[BlackElo "2006"]
[PlyCount "51"]
[EventDate "2018.09.07"]
[WhiteTeam "IVANJICA- Ivanjica"]
[BlackTeam "KRUSEVAC - Krusevac"]

1. d4 Nf6 2. c4 e6 3. Nc3 d5 4. cxd5 exd5 5. Bg5 c6 6. e3 Be7 7. Bd3 Be6 8. Qc2
h6 9. Bh4 Nbd7 10. Nf3 O-O 11. O-O Re8 12. Rab1 Rc8 13. b4 a6 14. a4 Nb6 15.
Ne5 Nfd7 16. Bxe7 Qxe7 17. f4 Nxe5 18. fxe5 Rf8 19. Ne2 g5 20. Rf6 Kg7 21. Ng3
Rh8 22. Bf5 Qe8 23. Nh5+ Kg8 24. Rxe6 Qxe6 25. Bxe6 fxe6 26. Qg6+ 1-0

[Event "Druga liga CS - Zapad 2018"]
[Site "?"]
[Date "2018.09.09"]
[Round "4.5"]
[White "Pribanovic, Milivoje"]
[Black "Milikic, Milorad"]
[Result "1/2-1/2"]
[WhiteElo "1871"]
[BlackElo "2015"]
[PlyCount "34"]
[EventDate "2018.09.07"]
[WhiteTeam "KRUSEVAC - Krusevac"]
[BlackTeam "IVANJICA- Ivanjica"]

1. e4 e5 2. Nf3 Nc6 3. Bb5 d6 4. d4 exd4 5. Qxd4 Bd7 6. Bxc6 Bxc6 7. Nc3 Nf6 8.
Bg5 Be7 9. O-O-O O-O 10. Rhe1 Nd7 11. Bxe7 Qxe7 12. Nd5 Bxd5 13. exd5 Qf6 14.
Qxf6 Nxf6 15. Re7 Rac8 16. c4 Rfe8 17. Rde1 Kf8 1/2-1/2

[Event "Druga liga CS - Zapad 2018"]
[Site "?"]
[Date "2018.09.09"]
[Round "4.5"]
[White "Jovic, Slavko"]
[Black "Tosic, Dragoljub"]
[Result "1-0"]
[WhiteElo "1962"]
[BlackElo "1834"]
[PlyCount "54"]
[EventDate "2018.09.07"]
[WhiteTeam "IVANJICA- Ivanjica"]
[BlackTeam "KRUSEVAC - Krusevac"]

1. e4 d6 2. d4 Nf6 3. Nc3 g6 4. Be3 Bg7 5. f3 Nc6 6. Qd2 e5 7. Nge2 exd4 8.
Nxd4 Nxd4 9. Bxd4 O-O 10. O-O-O Be6 11. g4 Ne8 12. h4 h6 13. Be2 Bxd4 14. Qxd4
Qf6 15. Qe3 Qg7 16. f4 c6 17. f5 Bc8 18. fxg6 fxg6 19. Bc4+ Kh7 20. g5 b5 21.
Bb3 a5 22. h5 Qe5 23. hxg6+ Kxg6 24. Rxh6+ Kg7 25. Rdh1 Qf4 26. Qxf4 Rxf4 27.
Rh8 a4 1-0

[Event "Druga liga CS - Zapad 2018"]
[Site "?"]
[Date "2018.09.09"]
[Round "4.6"]
[White "Kahrovic, Mersid"]
[Black "Ikic, Alija"]
[Result "1-0"]
[WhiteElo "2221"]
[BlackElo "2160"]
[PlyCount "58"]
[EventDate "2018.09.07"]
[WhiteTeam "PRIKO- Prijepolje"]
[BlackTeam "TUTIN - Tutin"]

1. e4 d6 2. d4 Nf6 3. Nc3 g6 4. f3 c6 5. Be3 b5 6. Qd2 Nbd7 7. h4 Qa5 8. a3 Bg7
9. Bd3 a6 10. g4 h5 11. g5 Nh7 12. b4 Qc7 13. Nge2 e5 14. f4 exf4 15. Bxf4 Bb7
16. O-O Nhf8 17. Rf2 Ne6 18. Be3 c5 19. dxc5 dxc5 20. Bxb5 axb5 21. Nxb5 Qc6
22. Nd6+ Qxd6 23. Qxd6 Bxa1 24. Rxf7 Kxf7 25. Qxd7+ Kf8 26. Qxe6 Rh7 27. Bxc5+
Kg7 28. Nf4 Kh8 29. Nxg6+ Kg7 1-0

[Event "Druga liga CS - Zapad 2018"]
[Site "?"]
[Date "2018.09.09"]
[Round "4.6"]
[White "Smailovic, Ramiz"]
[Black "Kijanovic, Igor"]
[Result "1/2-1/2"]
[WhiteElo "2144"]
[BlackElo "2118"]
[PlyCount "35"]
[EventDate "2018.09.07"]
[WhiteTeam "TUTIN - Tutin"]
[BlackTeam "PRIKO- Prijepolje"]

1. d4 Nf6 2. Nf3 g6 3. c4 Bg7 4. Nc3 d5 5. Bf4 O-O 6. e3 c6 7. Be2 Bg4 8. c5
Nbd7 9. h3 Bxf3 10. Bxf3 Re8 11. O-O e5 12. Bg3 exd4 13. exd4 Ne4 14. Bf4 Ndf6
15. Be5 Nxc3 16. bxc3 Ne4 17. Bxg7 Kxg7 18. Bxe4 1/2-1/2

[Event "Druga liga CS - Zapad 2018"]
[Site "?"]
[Date "2018.09.09"]
[Round "4.6"]
[White "Brajovic, Miroljub"]
[Black "Rizvanovic, Ibrahim"]
[Result "1-0"]
[WhiteElo "2111"]
[BlackElo "2147"]
[PlyCount "65"]
[EventDate "2018.09.07"]
[WhiteTeam "PRIKO- Prijepolje"]
[BlackTeam "TUTIN - Tutin"]

1. e4 e5 2. d4 exd4 3. Qxd4 Nc6 4. Qe3 Nf6 5. e5 Nd5 6. Qe4 Nb6 7. Nc3 Qe7 8.
Nf3 Qb4 9. a3 Qxe4+ 10. Nxe4 Be7 11. Bf4 O-O 12. Bd3 Rd8 13. O-O-O d5 14. exd6
cxd6 15. Bg5 f6 16. Bh4 Ne5 17. Be2 Bf5 18. Nc3 Rac8 19. Nd4 Bd7 20. Rhe1 Bf8
21. Ndb5 Bxb5 22. Nxb5 a6 23. Nd4 Kf7 24. f4 Nc6 25. Bg4 Rb8 26. Be6+ Kg6 27.
f5+ Kh6 28. Re3 Be7 29. Rh3 g5 30. fxg6 Kxg6 31. Rg3+ Kh5 32. Nf5 d5 33. Bf7#
1-0

[Event "Druga liga CS - Zapad 2018"]
[Site "?"]
[Date "2018.09.09"]
[Round "4.6"]
[White "Jovic, Branko"]
[Black "Djokic, Mihailo"]
[Result "0-1"]
[WhiteElo "2031"]
[BlackElo "2127"]
[PlyCount "80"]
[EventDate "2018.09.07"]
[WhiteTeam "TUTIN - Tutin"]
[BlackTeam "PRIKO- Prijepolje"]

1. e4 c5 2. Nf3 d6 3. d4 cxd4 4. Nxd4 Nf6 5. Nc3 g6 6. Be2 Bg7 7. Be3 O-O 8.
O-O Nc6 9. Nb3 Bd7 10. f4 a6 11. Bf3 Rc8 12. a4 Na5 13. Nxa5 Qxa5 14. Ra3 Be6
15. Qd2 Qb4 16. Nd5 Nxd5 17. exd5 Qxd2 18. Bxd2 Rxc2 19. dxe6 Rxd2 20. exf7+
Rxf7 21. Rb3 b6 22. Kh1 Rxf4 23. Rxb6 e5 24. Rb8+ Kf7 25. g3 Rf5 26. Rb4 a5 27.
Rb7+ Kf6 28. g4 Rf4 29. g5+ Kxg5 30. Rxg7 Kh6 31. Re7 Rxb2 32. Bg2 Rxa4 33. Rf3
Rh4 34. Rff7 Kg5 35. Re6 Rd4 36. Ref6 a4 37. Rf3 h5 38. Bh3 h4 39. Rf1 Rdd2 40.
Rg1+ Kh6 0-1

[Event "Druga liga CS - Zapad 2018"]
[Site "?"]
[Date "2018.09.09"]
[Round "4.6"]
[White "Musovic, Sabrija"]
[Black "Semsovic, Alija"]
[Result "1-0"]
[WhiteElo "2005"]
[BlackElo "2063"]
[PlyCount "87"]
[EventDate "2018.09.07"]
[WhiteTeam "PRIKO- Prijepolje"]
[BlackTeam "TUTIN - Tutin"]

1. e4 e5 2. Nf3 Nc6 3. Bb5 a6 4. Ba4 Nf6 5. d3 d6 6. h3 Be7 7. O-O O-O 8. c3 h6
9. Re1 b5 10. Bc2 Nh7 11. a4 Bb7 12. d4 Bg5 13. Nbd2 Qf6 14. Nf1 Rfd8 15. Ne3
Ne7 16. Ng4 Qg6 17. Bxg5 Nxg5 18. Nh4 Qh7 19. Nf5 Ng6 20. h4 Ne6 21. g3 h5 22.
Nh2 Ngf8 23. Nf3 f6 24. b4 g6 25. Ne3 Qe7 26. Nd5 Qf7 27. Bb3 Kg7 28. Qd3 c6
29. Nb6 Rab8 30. d5 Nc7 31. c4 bxc4 32. Bxc4 cxd5 33. exd5 Nd7 34. Nxd7 Qxd7
35. b5 axb5 36. axb5 Ra8 37. b6 Ne8 38. Bb5 Qc8 39. Rac1 Qb8 40. Bxe8 Rxe8 41.
Rc7+ Kh6 42. Qd2+ g5 43. hxg5+ Kg6 44. Nh4# 1-0

[Event "Druga liga CS - Zapad 2018"]
[Site "?"]
[Date "2018.09.09"]
[Round "4.6"]
[White "Dzaferovic, Dzafer"]
[Black "Vizlina, Branisa"]
[Result "0-1"]
[WhiteElo "1883"]
[BlackElo "2031"]
[PlyCount "58"]
[EventDate "2018.09.07"]
[WhiteTeam "TUTIN - Tutin"]
[BlackTeam "PRIKO- Prijepolje"]

1. d4 Nf6 2. c4 c5 3. Nf3 g6 4. e3 Bg7 5. Nc3 b6 6. Bd3 d6 7. O-O O-O 8. Qe2
Nc6 9. a3 Bg4 10. h3 cxd4 11. hxg4 dxc3 12. g5 cxb2 13. Bxb2 Nd7 14. Bxg7 Kxg7
15. Qb2+ Kg8 16. Be4 Rc8 17. Bxc6 Rxc6 18. Rac1 e5 19. Rfd1 Qc8 20. Rd5 Nc5 21.
Rcd1 Ne4 22. Qc2 Rxc4 23. Qb3 Rc2 24. Rf1 Qc4 25. Qxc4 Rxc4 26. Nd2 Nxd2 27.
Rxd2 Ra4 28. Rxd6 Rxa3 29. Rd5 Ra5 0-1